000 00621nam a22001937a 4500
005 20160614144935.0
010 _aENG-115256
020 _a9789384082093
_c1195.00
035 _aEN-98788
037 _bDBAD/PUB
082 _a809.3
100 _aAlbeena Shakil
245 _aUnderstanding the novel :
_ba theoretical overview /
_cby Albeena Shakil
260 _aDelhi
_bPrimus Books
_c2015
270 _aVirat Bhawan, Mukherjee Nagar Commercial Complex
_bDelhi
_e110009
300 _axxi,264p.
_b24cm(Hb)
500 _aIncludes bibliographical references and index
942 _2ddc
_cEN
_mALB
_h809.3
999 _c100292
_d100292